00449cam a2200157 a 4500020001500000040000800015082002700023100001800050245003800068250001200106260004300118300002600161650002900187650001900216856005600235 a0072951869 cDLC04a616 MCG 2004 A048 Or. 1 aVitkus, John.10aCasebook in abnormal psychology / a5th ed. aBoston :bMcGraw-Hill College,cc2004. axii, 238 p. ;c24 cm. 0aPsychology, Pathological 0aMental illness41uhttp://www.loc.gov/catdir/toc/mh041/2004269770.html